| 000 | 00342nam a22001337a 4500 | ||
|---|---|---|---|
| 003 | SGT | ||
| 082 |
_a340 _bPIL |
||
| 100 | _aPILLAI CHANDRASEKHARAN K N | ||
| 245 | _aANNUAL SURVEY OF INDIAN LAW 2007 | ||
| 260 |
_aNEW DELHI _bTHE INDIAN LAW INSTITUTE _c2007 |
||
| 300 | _a678 | ||
| 653 | _aANNUAL SURVEY , INDIAN LAW ,2007 | ||
| 942 |
_2ddc _cBK |
||
| 999 |
_c31289 _d31289 |
||